Helmut Newton.
Na minha lista:
| Outros Autores: | , |
|---|---|
| Formato: | Livro |
| Publicado em: |
Köln, Germany:
Taschen,
2009.
|
| Assuntos: | |
| Tags: |
Adicionar Tag
Sem tags, seja o primeiro a adicionar uma tag!
|
MARC
| LEADER | 00000nam a22000007a 4500 | ||
|---|---|---|---|
| 003 | CL-VaPUC | ||
| 005 | 20250321101944.0 | ||
| 008 | 250304t2009 ||||| |||| 00| 0 eng d | ||
| 999 | |c 447079 |d 447077 | ||
| 020 | |a 978-3-8365-1730-0 | ||
| 040 | |c Pontificia Universidad Católica de Valparaíso | ||
| 082 | 7 | |2 22 |a 779.21 NEW 2009 | |
| 100 | 1 | |a Newton, Helmut |e photographer |d 1920-2004 |9 896277 | |
| 245 | |a Helmut Newton. | ||
| 260 | |a Köln, Germany: |b Taschen, |c 2009. | ||
| 300 | |a [426] páginas: |b fotografías. |e + 1 libro de cómo se hizo (30 páginas) | ||
| 500 | |a c.1. Instituto Arcos 8-1-2025. | ||
| 583 | |c 20250304 |k GC | ||
| 650 | 0 | |a Fotografias de desnudos |9 862274 |v Mujeres | |
| 700 | |a Newton, Jane |e edited |9 896278 | ||
| 942 | |2 ddc |c BK |n 0 | ||
| 952 | |0 0 |1 0 |2 ddc |4 0 |6 779_210000000000000_NEW_2009 |7 0 |8 A |9 600528 |a BIBINC |b BIBINC |d 2025-01-08 |e Instituto Arcos |i 5665441 |o 779.21 NEW 2009 |p 5665441 |r 2025-03-04 |t 1 |w 2025-03-04 |y BK |k IFP | ||